| 000 | 00972 a2200205 4500 | ||
|---|---|---|---|
| 003 | Nust | ||
| 005 | 20230530095622.0 | ||
| 010 | _a 83016053 | ||
| 020 | _a0136762476 (pbk.) : | ||
| 040 | _cNust | ||
| 082 | 0 | 0 | _a005.133,CON |
| 100 | 1 |
_aConlon, Tom, _9112849 |
|
| 245 | 1 | 0 |
_aPILOT : _bThe language and how to use it including Apple PILOT and SuperPILOT / _cTom Conlon. |
| 260 |
_aEnglewood Cliffs, N.J. : _bPrentice-Hall International, _cc1984. |
||
| 300 |
_ax, 221 p. : _bill. ; _c23 cm. |
||
| 505 | _aPilot Foundations (Page-1), Branching Out (Page-12), Making the Match (Pge-23), Calculations Great and Small (Page-43), A Thousand Strings (Page-59), Lesson Building Blocks (Page-73), Lesson Development (Page-93), Limits and Horizons (Page-112), An Apple Introduction (Page-121), Graphics and Sound (Page-139), Apple Files and Features (Page-166). | ||
| 650 | 0 |
_aPILOT (Computer program language) _9112850 |
|
| 740 | 0 | _aP.I.L.O.T. | |
| 942 |
_2ddc _cBK _k005.133,CON |
||
| 999 |
_c179121 _d179121 |
||